| 000 | 01204pam a2200325 a 4500 | ||
|---|---|---|---|
| 999 |
_c893 _d893 |
||
| 001 | 2959156 | ||
| 003 | GZU | ||
| 005 | 20200916093219.0 | ||
| 008 | 910219s1991 nyuab b 001 0 eng | ||
| 010 | _a 91009647 | ||
| 020 | _a0275935833 (alk. paper) | ||
| 020 | _a0275940993 (pbk. : alk. paper) | ||
| 040 |
_aDLC _cDLC _dDLC |
||
| 043 |
_acl----- _anwcu--- _an-us--- |
||
| 050 | 0 | 0 |
_aF1414.2 _bWRI 1991 |
| 082 | 0 | 0 |
_a980.03/3 _220 |
| 100 | 1 | _aWright, Thomas C. | |
| 245 | 1 | 0 |
_aLatin America in the era of the Cuban Revolution / _cThomas C. Wright. |
| 260 |
_aNew York : _bPraeger, _c1991. |
||
| 300 |
_axiv, 236 p. : _bill. , maps ; _c25 cm. |
||
| 504 | _aIncludes bibliographical references (p. [207]-221) and index. | ||
| 650 | 0 |
_aRadicalism _zLatin America _xHistory _y20th century. |
|
| 650 | 0 |
_aViolence _zLatin America _xHistory _y20th century. |
|
| 651 | 0 |
_aLatin America _xPolitics and government _y1948- |
|
| 651 | 0 |
_aCuba _xHistory _yRevolution, 1959 _xInfluence. |
|
| 651 | 0 |
_aUnited States _xMilitary policy. |
|
| 906 |
_a7 _bcbc _corignew _d1 _eocip _f19 _gy-gencatlg |
||
| 942 |
_2lcc _cBK _h1414.2 _iWRI _kF |
||